000 00419nam a2200181Ia 4500
001 1375
005 20260306143724.0
008 260306t1975||||xx |||||||||||||| ||spa||
041 _aESP
082 _a196.1
_bU53
100 _aUnamuno, Miguel de
_eAUT
245 0 _aInquietudes y meditaciones
260 _c1975
300 _a140 páginas :
_c17 cm.
650 _aGEN
654 _aCHU
942 _cLIB
_dJUS
_fJUS
_2ddc
_n
999 _c1375
_d1375